| 000 | 006130000a22001930004500 | ||
|---|---|---|---|
| 003 | LK-CoMWRAF | ||
| 005 | 20231022113807.0 | ||
| 008 | 230817t1953 ||||| |||| 00| 0 eng d | ||
| 020 | _a900125144 | ||
| 040 |
_aLK-CoMWRAF _dLK-CoMWRAF _eLK-CoMWRAF |
||
| 041 | _aeng | ||
| 082 |
_a297.89 _bEFF |
||
| 100 | _aEffendi, Shoghi | ||
| 245 |
_aGuidance for today and tomorrow: _ba selection from the writings of Shoghi Effendi, the first guardian of the Baha a'i faith. |
||
| 260 |
_aLondon: _bBaha'i Publishing Trust, _c1953 |
||
| 300 |
_axi, 273 pages ; 20 cm _bIndex included |
||
| 650 | _aBAHAI FAITH | ||
| 942 | _cBK | ||
| 999 |
_c1979 _d1979 |
||